| 000 | 00680nam a2200217Ia 4500 | ||
|---|---|---|---|
| 005 | 20230707114746.0 | ||
| 008 | 210716s2009 xx 000 0 und d | ||
| 020 | _a9788131715437 | ||
| 040 | _cAIMIT LIBRARY | ||
| 041 | _aeng | ||
| 082 |
_a004.65 _21 _bMIRN |
||
| 100 |
_aMir, Nader F. _9125930 |
||
| 245 |
_aComputer and communication networks / _cBy Nader F Mir. |
||
| 250 | _a1st ed. | ||
| 260 |
_aNew Delhi : _bPearson Education , _c2009. |
||
| 300 |
_axxxii,617p. ; _bPB _c24 cm. |
||
| 650 |
_a Foundation of networking protocols _9125931 |
||
| 650 |
_aNetworking devices _9125932 |
||
| 650 |
_aData links and transmission _9125933 |
||
| 942 |
_2ddc _cBK _e1st _k004.65 MIRN |
||
| 999 |
_c190698 _d190698 |
||